Quản lý chuỗi cung ứng

Trình bày khái quát về quản lí chuỗi cung ứng. Hoạt động, lập kế hoạch và tìm nguồn, phối hợp và sử dụng công nghệ. Đánh giá thành tích, phát triển các hệ thống và triển vọng của chuỗi cung ứng...

ver descrição completa

Na minha lista:
Detalhes bibliográficos
Autor principal: Nguyễn, Công Bình
Formato: Livro
Idioma:Undetermined
Publicado em: Hà Nội Thống kê 2008
Assuntos:
Tags: Adicionar Tag
Sem tags, seja o primeiro a adicionar uma tag!
Thư viện lưu trữ: Trung tâm Học liệu Trường Đại học Cần Thơ
LEADER 00903nam a2200205Ia 4500
001 CTU_191526
008 210402s9999 xx 000 0 und d
020 |c 67000 
082 |a 658.7 
082 |b B312 
100 |a Nguyễn, Công Bình 
245 0 |a Quản lý chuỗi cung ứng 
245 0 |c Nguyễn Công Bình 
260 |a Hà Nội 
260 |b Thống kê 
260 |c 2008 
520 |a Trình bày khái quát về quản lí chuỗi cung ứng. Hoạt động, lập kế hoạch và tìm nguồn, phối hợp và sử dụng công nghệ. Đánh giá thành tích, phát triển các hệ thống và triển vọng của chuỗi cung ứng 
650 |a Industrial procurement management,Quản lý mua sắm công nghiệp 
910 |a Hải 
980 |a Trung tâm Học liệu Trường Đại học Cần Thơ